Ciencia de materiales para ingeniería
I tiakina i:
| Kaituhi matua: | |
|---|---|
| Hōputu: | Pukapuka |
| Reo: | Pāniora |
| I whakaputaina: |
Ciudad de México
Limusa-Wiley
1972
|
| Ngā marau: | |
| Ngā Tūtohu: |
Tāpirihia he Tūtohu
Kāore He Tūtohu, Me noho koe te mea tuatahi ki te tūtohu i tēnei pūkete!
|
MARC
| LEADER | 00000nam a2200000 a 4500 | ||
|---|---|---|---|
| 001 | UCU4018 | ||
| 003 | CL-VaPUC | ||
| 008 | 960517e19720000MX |||||||||||||||||spa|d | ||
| 082 | 0 | 4 | |a 620.11 |b KEY |2 21 |
| 100 | |a Keyser, Carl A |e author |9 362335 | ||
| 245 | 1 | 0 | |a Ciencia de materiales para ingeniería |
| 300 | |a 460 p | ||
| 942 | |c BK | ||
| 945 | |d 19960517 00:00:00 |a cmena | ||
| 260 | |a Ciudad de México |b Limusa-Wiley |c 1972 | ||
| 650 | 0 | |a Materiales de ingeniería |9 261006 | |
| 650 | 0 | |a Propiedades mecánicas |9 262507 | |
| 650 | 7 | |a ELASTICIDAD |2 CL-VaPUC |9 266503 | |
| 650 | 7 | |a FATIGA DE MATERIALES |2 CL-VaPUC |9 361346 | |
| 650 | 0 | |a Ingeniería mecánica |9 262089 | |
| 650 | 7 | |a PROPIEDADES TERMOFISICAS |2 CL-VaPUC |9 352310 | |
| 650 | 0 | |a Metales |9 260686 | |
| 650 | 7 | |a TECNOLOGIA METALURGICA |2 CL-VaPUC |9 342977 | |
| 583 | |a last modification |c 20180305 10:34:05 |k Rodrigo Vera | ||
| 999 | |c 247849 |d 247847 | ||
| 952 | |0 0 |1 0 |4 0 |6 620_110000000000000_KEY_1972 |7 0 |8 A |9 264045 |a BIBING |b BIBING |d 2019-11-19 |i 1665049 |o 620.11 KEY 1972 |p 1665049 |r 2025-01-20 |w 2019-11-19 |y BK |k EIE | ||